[Event "Troyes Lallemand Memorial op"]
[Site "Troyes"]
[Date "2014.06.14"]
[Round "2"]
[White "Ludwiczak, Virginie"]
[Black "Fretel, Liza"]
[Result "1-0"]
[WhiteElo "1823"]
[BlackElo "1542"]
[PlyCount "115"]
[EventDate "2014.06.14"]
[EventType "swiss (rapid)"]
[EventRounds "9"]
[EventCountry "FRA"]
[SourceTitle "EXT 2015"]
[Source "ChessBase"]
[SourceDate "2014.11.20"]
[SourceVersion "1"]
[SourceVersionDate "2014.11.20"]
[SourceQuality "1"]

1. c4 c5 2. Nc3 Nc6 3. g3 g6 4. Bg2 Bg7 5. d3 d6 6. e4 f5 7. Nge2 Nf6 8. 0-0 0-0 9. h3 Qc7 10. Kh2 fxe4 11. dxe4 Ne5 12. b3 Bd7 13. f4 Nf7 14. Rb1 Bc6 15. Qc2 e6 16. Be3 h5 17. Rbd1 Rad8 18. e5 Bxg2 19. Kxg2 Qc6+ 20. Kh2 dxe5 21. Qxg6 Rxd1 22. Nxd1 e4 23. f5 Rd8 24. fxe6 Qxe6 25. Nf4 Qe5 26. Ne2 Rd6 27. Bf4 Ng4+ 28. hxg4 Rxg6 29. Bxe5 Nxe5 30. gxh5 Nf3+ 31. Kg2 Rg5 32. Ndc3 Nd2 33. Rh1 Bh6 34. Nd5 Rg7 35. Nef4 Kf7 36. Kf2 Nf3 37. Ke3 Rxg3 38. Kxe4 Nd2+ 39. Ke5 Rg5+ 40. Kd6 Ne4+ 41. Kc7 Rg7 42. Kxb7 Ke8+ 43. Kc6 Ng3 44. Re1+ Kf7 45. Re7+ Kg8 46. Rxg7+ Kxg7 47. Kxc5 Ne4+ 48. Kc6 Kf7 49. b4 Nf6 50. Nxf6 Bxf4 51. Nd5 Be5 52. a4 Kg7 53. Kb7 Bd4 54. c5 a5 55. bxa5 Bxc5 56. a6 Kh6 57. a7 Kxh5 58. a8Q 1-0